| 000 | 00716nam a2200241Ia 4500 | ||
|---|---|---|---|
| 003 | GCL | ||
| 008 | 140319s9999 xx 000 0 ara d | ||
| 040 |
_aGCL / _cGCL |
||
| 082 | 0 | 4 |
_a327 _bم س |
| 100 | 1 | _aحسن نافعة | |
| 245 | 1 | 0 |
_aسوسيولوجيا العلاقات الدولية / _cحسن نافعة |
| 700 | 1 | _aميرل , مارسيل | |
| 260 |
_a[S.N] : _bدار المستقبل العربى ، _c1986 |
||
| 300 | _a522 ص | ||
| 490 | _a | ||
| 650 | 0 | 4 | _aالاقتصاد |
| 650 | 0 | 4 | _aالفلسفة |
| 650 | 0 | 4 | _aالقانون الدولى |
| 650 | 0 | 4 | _aالسياسة |
| 650 | 0 | 4 | _aالعلاقات الدولية |
| 650 | 0 | 4 | _aالمنظمات الدولية |
| 942 |
_2ddc _cBK |
||
| 999 |
_c28028 _d28028 |
||